000 01622nam a22002657a 4500
001 124314
003 UA-OsUOA
005 20260403120153.0
007 ta
008 20170809b un ||un |||| 00| 0 ukrpdukr d
020 _a5770703032
040 _aUA-OsUOA
_bukr
_cUA-OsUOA
_dUA-OsUOA
041 _aukr
080 _a821.161.2
090 _a821.161.2
_bК49
100 _aКлименко Н.
_924840
245 _aДзвони вічного саду
_cНаталя Клименко
_bпоезії
260 _aКиїв
_bХрещатик
_c1995
300 _a159 с.
520 _a"Любові дерево не знає листопаду" - ці рядки можна поставити епіграфом до другої збірки поезій Наталі Клименко "Дзвони вічного саду", бо вони, як в краплі води, відбивають її тональність і настрій. Врна прилучає нас до свого бачення багатоликості світу, до вічного потоку оновлення, до утрат і набутківнашого єдиного і неповторного життя. Любов - цей нетьмяніючий внутрішній імператив - надає віршам динаміки руху і піднімає у небо трепетну птаху поезії.
650 7 _a82 Література. Літературознавство
_2UDC
_915
942 _cBK
_2udc
955 _a3
999 _c411459
_d411459